000 00723nam a2200289Ia 4500
005 20260324114505.0
008 008 260324s9999 xx 000 0 eng d
020 _a9780429282843
037 _aEBOOK
040 _aCRL
040 _beng
040 _cCRL
041 _2eng
041 _aeng
084 _qCRL
100 _aJagdish Chandra Patni; Avita Katal; Hitesh Kumar Sharma; Ravi Tomar
_91150983
245 0 _aDatabase Management System
245 3 _bAn Evolutionary Approach
260 _bTaylor and Francis
260 _c2022
365 _a
365 _b225
856 _uhttp://www.taylorfrancis.com/books/9780429282843
942 _cEBOOK
999 _c1741195
_d1741195